[Event "CRO-ch U11"]
[Site "Trogir"]
[Date "2019.06.20"]
[Round "6"]
[White "Babler, Jan"]
[Black "Colo, Patrik"]
[Result "1-0"]
[WhiteElo "1593"]
[BlackElo "1752"]
[PlyCount "65"]
[EventDate "2019.06.17"]
[EventType "swiss"]
[EventRounds "9"]
[EventCountry "CRO"]
[SourceTitle "EXT 2020"]
[Source "ChessBase"]
[SourceDate "2019.10.17"]
[SourceVersion "1"]
[SourceVersionDate "2019.10.17"]
[SourceQuality "1"]

1. d4 Nf6 2. Bf4 e6 3. e3 d5 4. Nd2 a6 5. Ngf3 Nc6 6. Bd3 Be7 7. h3 0-0 8. 0-0 Bd7 9. Ne5 Be8 10. c3 Nxe5 11. Bxe5 Bd6 12. Nf3 Bxe5 13. Nxe5 Nd7 14. f4 f6 15. Nxd7 Bxd7 16. c4 Rc8 17. cxd5 exd5 18. Qb3 Bc6 19. Qc2 h6 20. Rf3 Bd7 21. Rc1 f5 22. Qb3 Bc6 23. Bxa6 bxa6 24. Rxc6 Rb8 25. Qc2 Rb7 26. Rxa6 Qb8 27. b3 Rb6 28. Qd3 Qb7 29. Rxb6 Qxb6 30. Rg3 Qa5 31. Qc2 Rf7 32. Qc6 Rf6 33. Qxf6 1-0